<?xml version="1.0" encoding="UTF-8"?>
<record
    xmlns:xsi="http://www.w3.org/2001/XMLSchema-instance"
    xsi:schemaLocation="http://www.loc.gov/MARC21/slim http://www.loc.gov/standards/marcxml/schema/MARC21slim.xsd"
    xmlns="http://www.loc.gov/MARC21/slim">

  <leader>01550nam a2200349 a 4500</leader>
  <controlfield tag="001">000012928</controlfield>
  <controlfield tag="003">DO-SdBNP</controlfield>
  <controlfield tag="005">20180313095116.0</controlfield>
  <controlfield tag="007">000012928</controlfield>
  <controlfield tag="008">091118s2005    dr ac         000 0 spa d</controlfield>
  <datafield tag="020" ind1=" " ind2=" ">
    <subfield code="a">9945110438</subfield>
  </datafield>
  <datafield tag="040" ind1=" " ind2=" ">
    <subfield code="a">BPMSU</subfield>
    <subfield code="b">spa</subfield>
    <subfield code="c">BPMSU</subfield>
  </datafield>
  <datafield tag="092" ind1=" " ind2=" ">
    <subfield code="a">xxxx</subfield>
    <subfield code="b">L566</subfield>
  </datafield>
  <datafield tag="100" ind1=" " ind2=" ">
    <subfield code="a">Campusano, Martha</subfield>
  </datafield>
  <datafield tag="245" ind1="0" ind2="0">
    <subfield code="a">Lengua y literatura 2 :</subfield>
    <subfield code="b">segundo curso primer ciclo educaci&#xF3;n media /</subfield>
    <subfield code="c">Martha Campusano ; Manuel Garc&#xED;a-Cartagena</subfield>
  </datafield>
  <datafield tag="246" ind1=" " ind2=" ">
    <subfield code="a">Educaci&#xF3;n media </subfield>
  </datafield>
  <datafield tag="260" ind1=" " ind2=" ">
    <subfield code="a">Santo Domingo :</subfield>
    <subfield code="b">Santillana,</subfield>
    <subfield code="c">2005.</subfield>
  </datafield>
  <datafield tag="300" ind1=" " ind2=" ">
    <subfield code="a">279 p. :</subfield>
    <subfield code="b">il., retrs. ;</subfield>
    <subfield code="c">28 cm.</subfield>
  </datafield>
  <datafield tag="490" ind1="1" ind2=" ">
    <subfield code="a">&#xC1;mbar</subfield>
  </datafield>
  <datafield tag="500" ind1=" " ind2=" ">
    <subfield code="a">La biblioteca solamente posee los volumenes 2</subfield>
  </datafield>
  <datafield tag="505" ind1="0" ind2=" ">
    <subfield code="a">v. 2 :</subfield>
    <subfield code="g">2do. curso/ 1er. ciclo</subfield>
    <subfield code="g">unidad 1 --</subfield>
    <subfield code="t">Vivir para aprender --</subfield>
    <subfield code="g">unidad 2 --</subfield>
    <subfield code="t">El deber hist&#xF3;rico --</subfield>
    <subfield code="g">unidad 3 --</subfield>
    <subfield code="t">Creer para vivir --</subfield>
    <subfield code="g">unidad 4 --</subfield>
    <subfield code="t">Nos hacemos trabajando --</subfield>
    <subfield code="g">unidad 5 --</subfield>
    <subfield code="t">Creer para crear --</subfield>
    <subfield code="g">unidad 6 --</subfield>
    <subfield code="t">El lugar donde vivimos --</subfield>
    <subfield code="g">unidad 7 --</subfield>
    <subfield code="t">Tu vida es tu historia --</subfield>
    <subfield code="g">unidad 8 --</subfield>
    <subfield code="t">&#xBF;Vives como piensas? --</subfield>
    <subfield code="g">unidad 9 --</subfield>
    <subfield code="t">El teatro de la vida --</subfield>
    <subfield code="g">unidad 10 --</subfield>
    <subfield code="t">El deber de recordar --</subfield>
  </datafield>
  <datafield tag="650" ind1=" " ind2=" ">
    <subfield code="a">GRAM&#xC4;TICA</subfield>
    <subfield code="x">ENSE&#xD1;ANZA SECUNDARIA</subfield>
  </datafield>
  <datafield tag="650" ind1=" " ind2=" ">
    <subfield code="a">EDUCACI&#xD3;N SECUNDARIA</subfield>
    <subfield code="x">REP&#xDA;BLICA DOMINICANA</subfield>
  </datafield>
  <datafield tag="650" ind1=" " ind2=" ">
    <subfield code="a">GRAM&#xC1;TICA</subfield>
    <subfield code="x">LIBROS DE TEXTO</subfield>
  </datafield>
  <datafield tag="650" ind1=" " ind2=" ">
    <subfield code="a">GRAM&#xC1;TICA</subfield>
    <subfield code="x">ESTUDIOS Y EJERCICIOS</subfield>
  </datafield>
  <datafield tag="700" ind1="1" ind2=" ">
    <subfield code="a">Garc&#xED;a Cartagena, Manuel</subfield>
  </datafield>
  <datafield tag="830" ind1=" " ind2="0">
    <subfield code="a">&#xC1;mbar</subfield>
  </datafield>
  <datafield tag="942" ind1=" " ind2=" ">
    <subfield code="2">ddc</subfield>
    <subfield code="c">BK</subfield>
  </datafield>
  <datafield tag="945" ind1=" " ind2=" ">
    <subfield code="a">Remanejado para la BNPHU / 2018 BT</subfield>
  </datafield>
  <datafield tag="952" ind1=" " ind2=" ">
    <subfield code="0">0</subfield>
    <subfield code="1">0</subfield>
    <subfield code="2">ddc</subfield>
    <subfield code="4">0</subfield>
    <subfield code="7">0</subfield>
    <subfield code="a">BPMET</subfield>
    <subfield code="b">BPMET</subfield>
    <subfield code="d">2016-04-20</subfield>
    <subfield code="e">Donaci&#xF3;n</subfield>
    <subfield code="l">0</subfield>
    <subfield code="o">373.61</subfield>
    <subfield code="p">BPMSU16040569</subfield>
    <subfield code="r">2016-04-20</subfield>
    <subfield code="w">2016-04-20</subfield>
    <subfield code="y">BK</subfield>
  </datafield>
  <datafield tag="956" ind1=" " ind2=" ">
    <subfield code="a">daysi garcia</subfield>
    <subfield code="b">10</subfield>
    <subfield code="c">20150805</subfield>
    <subfield code="l">BND01</subfield>
    <subfield code="h">1303</subfield>
  </datafield>
  <datafield tag="956" ind1=" " ind2=" ">
    <subfield code="a">VMATEO</subfield>
    <subfield code="b">10</subfield>
    <subfield code="c">20150813</subfield>
    <subfield code="l">BPMSU</subfield>
    <subfield code="h">00151</subfield>
  </datafield>
  <datafield tag="999" ind1=" " ind2=" ">
    <subfield code="c">9847</subfield>
    <subfield code="d">9847</subfield>
  </datafield>
</record>
